एशिया के हृद्यांच्लो में / (Record no. 197785)
[ view plain ]
| 000 -LEADER | |
|---|---|
| fixed length control field | 00953nam a22001817a 4500 |
| 005 - DATE AND TIME OF LATEST TRANSACTION | |
| control field | 20230904114328.0 |
| 010 ## - LCCN (DPL NO) | |
| LC control number | B-755742 |
| 020 ## - INTERNATIONAL STANDARD BOOK NUMBER | |
| International Standard Book Number | 9788123796116 |
| Terms of availability | 360.00 |
| 035 ## - SYSTEM CONTROL NUMBER | |
| System control number | B-755742 |
| 082 ## - DEWEY DECIMAL CLASSIFICATION NUMBER | |
| Edition number | 2021 |
| Classification number | 921 |
| Item number | 1 |
| 100 ## - MAIN ENTRY--PERSONAL NAME | |
| Personal name | चन्द्र लोकेश |
| 245 ## - TITLE STATEMENT | |
| Title | एशिया के हृद्यांच्लो में / |
| Remainder of title | भारत-भारती , |
| Statement of responsibility, etc | लोकेश चन्द्र |
| 260 ## - PUBLICATION, DISTRIBUTION, ETC. (IMPRINT) | |
| Place of publication, distribution, etc | नई दिल्ली |
| Name of publisher, distributor, etc | रास्ट्रीय पुस्तक न्यास |
| Date of publication, distribution, etc | 2021 |
| 270 ## - ADDRESS | |
| Address | नेहरु भवन 5 ,इंस्टीटूटीण्ऴ एरिया फेज 2, वसंत कुञ्ज |
| City | नई दिल्ली |
| Postal code | 110070 |
| 300 ## - PHYSICAL DESCRIPTION | |
| Extent | 230 पृ. |
| Other physical details | 21सेमी (अजिल्द) |
| 942 ## - ADDED ENTRY ELEMENTS (KOHA) | |
| Source of classification or shelving scheme | Dewey Decimal Classification |
| Item type | Hindi Books |
| Edition | 2021 |
| Classification part | 921 |
| Call number suffix | चन्द्रल |
| Withdrawn status | Lost status | Not for loan | Collection code | Home library | Current library | Date acquired | Source of acquisition | Cost, normal purchase price | Full call number | Barcode | Copy number | Cost, replacement price | Koha item type |
|---|---|---|---|---|---|---|---|---|---|---|---|---|---|
| Non-fiction | Sarojini Nagar | Sarojini Nagar | 04/09/2023 | उपहार/23.8.23 | 360.00 | 921 चन्द्रल | B-755742 | 1 | 360.00 | Hindi Books |
